Lifile / (Record no. 5367)
[ view plain ]
| 000 -LEADER | |
|---|---|
| fixed length control field | 00541nam a2200205 i 4500 |
| 001 - CONTROL NUMBER | |
| control field | 4163770 |
| 003 - CONTROL NUMBER IDENTIFIER | |
| control field | GZU |
| 005 - DATE AND TIME OF LATEST TRANSACTION | |
| control field | 20210331153400.0 |
| 008 - FIXED-LENGTH DATA ELEMENTS--GENERAL INFORMATION | |
| fixed length control field | 780804s1975 rh 000 1 nic |
| 010 ## - LIBRARY OF CONGRESS CONTROL NUMBER | |
| LC control number | 78353643 |
| 020 ## - INTERNATIONAL STANDARD BOOK NUMBER | |
| Terms of availability | $0.76 |
| 040 ## - CATALOGING SOURCE | |
| Original cataloging agency | DLC |
| Transcribing agency | DLC |
| Modifying agency | DLC |
| 050 00 - LIBRARY OF CONGRESS CALL NUMBER | |
| Classification number | PL8547 |
| Item number | L5 |
| 100 1# - MAIN ENTRY--PERSONAL NAME | |
| Personal name | Mlilo, S. O., |
| Dates associated with a name | 1924- |
| 245 10 - TITLE STATEMENT | |
| Title | Lifile / |
| Statement of responsibility, etc. | S. O. Mlilo. |
| 260 ## - PUBLICATION, DISTRIBUTION, ETC. | |
| Place of publication, distribution, etc. | Gwelo : |
| Name of publisher, distributor, etc. | Mambo Press, |
| Date of publication, distribution, etc. | 1975. |
| 300 ## - PHYSICAL DESCRIPTION | |
| Extent | 144 p. ; |
| Dimensions | 18 cm. |
| 906 ## - LOCAL DATA ELEMENT F, LDF (RLIN) | |
| a | 7 |
| b | cbc |
| c | orignew |
| d | 3 |
| e | ncip |
| f | 19 |
| g | y-gencatlg |
| 942 ## - ADDED ENTRY ELEMENTS (KOHA) | |
| Source of classification or shelving scheme | Library of Congress Classification |
| Koha item type | Books |
| Classification part | 8547 |
| Item part | PL |
| Call number prefix | 8547 |
| Call number suffix | MLI |
| Suppress in OPAC | 1975 |
| Withdrawn status | Lost status | Damaged status | Not for loan | Collection code | Home library | Current library | Shelving location | Date acquired | Total Checkouts | Full call number | Barcode | Date last seen | Copy number | Price effective from | Koha item type | Date last checked out | Source of classification or shelving scheme |
|---|---|---|---|---|---|---|---|---|---|---|---|---|---|---|---|---|---|
| Fiction | City Campus Library | City Campus Library | General Stacks | 03/31/2021 | PL8547 MLI 1975 | 008453 | 03/31/2021 | c.1 | 03/31/2021 | Books | |||||||
| Fiction | Mashava Campus Library | Mashava Campus Library | General Stacks | 05/19/2021 | 1 | PL8547 MLI 1975 | 16039 | 11/13/2021 | c.2 | 05/19/2021 | Books | 11/07/2021 | |||||
| Fiction | Mashava Campus Library | Mashava Campus Library | General Stacks | 05/21/2021 | PL 8547 MLI 1975 | 008454 | 05/21/2021 | c.3 | 05/21/2021 | Books | Library of Congress Classification | ||||||
| Non-fiction | Mashava Campus Library | Mashava Campus Library | General Stacks | 05/21/2021 | PL 8547 MLI 1975 | 011599 | 05/21/2021 | c.4 | 05/21/2021 | Books |